000 00351 a2200157 4500
020 _a9695190642
082 _a920
090 _c5204
_d5204
100 _aArberry,A.J.
245 _aOriental Essays
_cA.J.Arberry
250 _a1st
260 _aLahore
_bSuhail Academy
_c2004
300 _a261p
500 _aHard cover
942 _aNBS
_cBK
_k920 ARB
999 _c347623
_d347623